<?xml version="1.0" encoding="UTF-8"?>
<record
    xmlns:xsi="http://www.w3.org/2001/XMLSchema-instance"
    xsi:schemaLocation="http://www.loc.gov/MARC21/slim http://www.loc.gov/standards/marcxml/schema/MARC21slim.xsd"
    xmlns="http://www.loc.gov/MARC21/slim">

  <leader>01798nab a2200301 i 4500</leader>
  <controlfield tag="003">DO-SdBNP</controlfield>
  <controlfield tag="005">20260511093904.0</controlfield>
  <controlfield tag="007">ta</controlfield>
  <controlfield tag="008">260511e2013    dr un|p|r||||||0| | spa d</controlfield>
  <datafield tag="040" ind1=" " ind2=" ">
    <subfield code="a">DO-SdBNP</subfield>
    <subfield code="b">spa</subfield>
    <subfield code="c">BNPHU</subfield>
    <subfield code="e">rda</subfield>
  </datafield>
  <datafield tag="041" ind1=" " ind2=" ">
    <subfield code="a">spa</subfield>
  </datafield>
  <datafield tag="100" ind1=" " ind2=" ">
    <subfield code="a">Olier, Isis</subfield>
    <subfield code="9">89514</subfield>
    <subfield code="e">doctora</subfield>
  </datafield>
  <datafield tag="245" ind1=" " ind2=" ">
    <subfield code="a">Trasplante hep&#xE1;tico / </subfield>
    <subfield code="c">Isis Olier.</subfield>
  </datafield>
  <datafield tag="264" ind1=" " ind2=" ">
    <subfield code="a">Santo Domingo, Rep&#xFA;blica Dominicana : </subfield>
    <subfield code="b">Centro-Neuro-Oftalmol&#xF3;gico y de Trasplante (CECANOT), </subfield>
    <subfield code="c">2013.</subfield>
  </datafield>
  <datafield tag="300" ind1=" " ind2=" ">
    <subfield code="a">p&#xE1;gina 5 : </subfield>
    <subfield code="b">ilustraciones, fotograf&#xED;as ; </subfield>
    <subfield code="c">28 cm.</subfield>
  </datafield>
  <datafield tag="310" ind1=" " ind2=" ">
    <subfield code="a">Desconocida.</subfield>
  </datafield>
  <datafield tag="336" ind1=" " ind2=" ">
    <subfield code="a">texto</subfield>
    <subfield code="b">txt</subfield>
    <subfield code="2">rdacontent</subfield>
  </datafield>
  <datafield tag="337" ind1=" " ind2=" ">
    <subfield code="a">sin mediaci&#xF3;n </subfield>
    <subfield code="b">n</subfield>
    <subfield code="2">rdamedia</subfield>
  </datafield>
  <datafield tag="338" ind1=" " ind2=" ">
    <subfield code="a">volumen</subfield>
    <subfield code="b">nc</subfield>
    <subfield code="2">rdacarrier</subfield>
  </datafield>
  <datafield tag="362" ind1=" " ind2=" ">
    <subfield code="a">Volumen 3, (A&#xF1;o 2013).</subfield>
  </datafield>
  <datafield tag="520" ind1=" " ind2=" ">
    <subfield code="a">El trasplante hep&#xE1;tico es una modalidad terap&#xE9;utica que consiste en un conjunto de actividades secuenciales para el tratamiento m&#xE9;dico-quirurgico al paciente afectado de una enfermedad hep&#xE1;tica cr&#xF3;nica avanzada o aguda irreversible, que es evaluado e incluido en listas de espera para sustituir su h&#xED;gado enfermo por un h&#xED;gado sano, parcial o totalmente, cadav&#xE9;rico o un donante vivo con el objetivo de normalizar la funci&#xF3;n hepatica y mejorar su calidad de vida.</subfield>
  </datafield>
  <datafield tag="521" ind1=" " ind2=" ">
    <subfield code="a">El trasplante hep&#xE1;tico no solo representa una magnifica herramienta asistencial, sino que tambi&#xE9;n representa una gran mejora en nuestro sistema de salud.</subfield>
  </datafield>
  <datafield tag="650" ind1=" " ind2="0">
    <subfield code="a">Trasplante hep&#xE1;tico</subfield>
    <subfield code="9">89516</subfield>
    <subfield code="v">Publicaciones peri&#xF3;dicas </subfield>
    <subfield code="z">Rep&#xFA;blica Dominicana</subfield>
  </datafield>
  <datafield tag="650" ind1=" " ind2="0">
    <subfield code="a">Enfermedades hep&#xE1;ticas</subfield>
    <subfield code="9">3266</subfield>
    <subfield code="v">Publicaciones peri&#xF3;dicas </subfield>
    <subfield code="z">Rep&#xFA;blica Dominicana</subfield>
  </datafield>
  <datafield tag="650" ind1=" " ind2="0">
    <subfield code="a">H&#xED;gado</subfield>
    <subfield code="9">89517</subfield>
    <subfield code="x">Enfermedades</subfield>
    <subfield code="v">Publicaciones peri&#xF3;dicas </subfield>
    <subfield code="z">Rep&#xFA;blica Dominicana</subfield>
  </datafield>
  <datafield tag="773" ind1="0" ind2=" ">
    <subfield code="0">60692</subfield>
    <subfield code="9">337470</subfield>
    <subfield code="a">Rep&#xFA;blica Dominicana.</subfield>
    <subfield code="o">2026-3633</subfield>
    <subfield code="t">Donaci&#xF3;n y trasplante /</subfield>
    <subfield code="w">(DR-UNIBE)48788</subfield>
  </datafield>
  <datafield tag="942" ind1=" " ind2=" ">
    <subfield code="2">ddc</subfield>
    <subfield code="c">ISSUE</subfield>
  </datafield>
  <datafield tag="999" ind1=" " ind2=" ">
    <subfield code="c">60699</subfield>
    <subfield code="d">60699</subfield>
  </datafield>
</record>
